| 000 | 00883cab a2200253 4500 | ||
|---|---|---|---|
| 001 | WB3446-55 | ||
| 008 | 090401t1998 xxu||||| |||| 00| 0 eng d | ||
| 035 | _a(Sirsi) u90116 | ||
| 041 | _aeng | ||
| 245 | _aDeclining rents / values forecast | ||
| 260 | _c1998 | ||
| 350 | _a0 | ||
| 490 |
_aFinancial Times _v3 December 1998, 23(1) |
||
| 520 | _aMEPC the third largest UK property company forecasts a decline in rents and capital values in 1999. The Investment Property Forum predicts an average total return from property in 1999 of 4% compared with 14.6% in 1998. | ||
| 650 | _aCAPITAL VALUES | ||
| 650 | _aFORECASTS | ||
| 650 | _aABOUT RICS-RELATED ORGANISATIONS-INVESTMENT PROPERTY FORUM | ||
| 650 | _aMEPC | ||
| 650 | _aRENTS | ||
| 650 | _aUNCERTAINTY | ||
| 690 | _aPROPERTY-COMMERCIAL PROPERTY-COMMERCIAL PROPERTY MARKET | ||
| 942 | _n0 | ||
| 948 | _c03/12/1998 | ||
| 999 |
_c57078 _d57078 |
||